Normal view
MARC view
- Sanders, George,
Entry Personal Name
001 - CONTROL NUMBER
- control field: 7722
003 - CONTROL NUMBER IDENTIFIER
- control field: NUST
005 - DATE AND TIME OF LATEST TRANSACTION
- control field: 20171228093509.0
008 - FIXED-LENGTH DATA ELEMENTS
- fixed length control field: 171228|| aca||aabn | a|a d
040 ## - CATALOGING SOURCE
- Original cataloging agency: NUST
- Transcribing agency: NUST
100 ## - HEADING--PERSONAL NAME
- Personal name: Sanders, George,
- Dates associated with a name: 1906-1972.
670 ## - SOURCE DATA FOUND
- Source citation: Work cat.: (NUST)0: Aherne, Brian. 7721, A dreadful man /, 1979.
